000 00550nam a2200205Ia 4500
003 IN-BaIIA
008 211028s9999 xx 000 0 eng d
020 _a81-7808-652-2
040 _cIIA Library
080 _a681.31
_bNEM
100 _aNemeth, E
_920354
245 0 _aLinux admistration handbook
_cE. Nemeth, G. Snyder and T. R. Hein
260 _aNew Delhi
_bPearson
_c2003
300 _axxxi, 890p.
650 _aBasic administration
_927143
650 _aLinux
700 _aHein, T. R
_927144
700 _aSnyder, G
_927145
942 _cBK
999 _c14984
_d14984